Normal view
MARC view
- Capital intelectual
Entry Materia
001 - NÚMERO DE CONTROL DEL REGISTRO
- campo de control: 3621
003 - IDENTIFICADOR DE NUMERO DE CONTROL
- campo de control: DLC
005 - FECHA Y HORA DE LA ÚLTIMA TRANSACCIÓN
- campo de control: 20241030122825.0
008 - DATOS DE LONGITUD FIJA
- campo de control de longitud fija: 241030 n|acan|bab| |n ana ||
010 ## - NÚMERO DE CONTROL DE LA BIBLIOTECA DEL CONGRESO (LC)
- LC control number: sh 97008212
035 ## - NÚMERO DE CONTROL DEL SISTEMA
- Número de control del sistema: UPN10000003621
035 ## - NÚMERO DE CONTROL DEL SISTEMA
- Número de control del sistema: (DLC)sh 97008212
035 ## - NÚMERO DE CONTROL DEL SISTEMA
- Número de control del sistema: (DLC)237263
040 ## - FUENTE DE LA CATALOGACIÓN
- Centro catalogador de origen: DLC
- Lengua de catalogación: spa
- Agencia de transcripción: DLC
- Agencia de modificación: MX-MxUPN
053 #4 - NÚMERO CLASIFICADOR - BIBLIOTECA DEL CONGRESO (LC)
- Elemento numérico de la clasificación - Número único o no. inicial del rango: HD53
150 ## - ENCABEZAMIENTO - TEMÁTICO
- Término de materia o nombre geográfico como elemento inicial: Capital intelectual
670 ## - FUENTE EN LA QUE SE LOCALIZARON DATOS
- Cita de la fuente: Autoridades LC, 30 octubre 2024 :
- Información localizada: (Intellectual capital)
- Identificador Uniforme del Recurso: https://lccn.loc.gov/sh97008212
902 ## - CATALOGADOR
- Catalogador: BDV/171003
- Catalogador: MaríaRobles/301024
